| 000 | 00712nam a2200229 a 4500 | ||
|---|---|---|---|
| 999 |
_c7616 _d7616 |
||
| 001 | 7616 | ||
| 003 | BD-JhCC | ||
| 005 | 20180212124359.0 | ||
| 008 | 180212b2008 bg a|||| ||a| 000 0 ben d | ||
| 020 | _a9848480331 | ||
| 035 | _a(BD-JhCC) 7616 | ||
| 040 |
_aBD-JhCC _dBD-JhCC |
||
| 041 | _aben | ||
| 082 |
_a004 _bRAH 2008 |
||
| 100 | _aরহমান,মাহবুবুর | ||
| 245 |
_aমাইক্রোসফট একসিস / _cমাহবুবুর রহমান |
||
| 260 |
_aঢাকা : _bসিসটেক পাবলিকেশন্স লিমিটেড , _c2008 |
||
| 300 |
_aVerious page _c22 cm . |
||
| 650 | _aComputer Science | ||
| 942 |
_2ddc _cBK |
||